Normal view
MARC view
- Hydrology
Entry Topical Term
001 - CONTROL NUMBER
- control field: 4167
003 - CONTROL NUMBER IDENTIFIER
- control field: JO-AjAnu
005 - DATE AND TIME OF LATEST TRANSACTION
- control field: 20230606071001.0
008 - FIXED-LENGTH DATA ELEMENTS
- fixed length control field: 230606|| aca||aabn | a|a d
040 ## - CATALOGING SOURCE
- Original cataloging agency: JO-AjAnu
- Transcribing agency: JO-AjAnu
150 ## - HEADING--TOPICAL TERM
- Topical term or geographic name entry element: Hydrology
670 ## - SOURCE DATA FOUND
- Source citation: Work cat.: (JO-AjAnu)2166: Shaw, Elizbeth M, Beven,Keith J , Chappell, Nick A and Lamb, Rob, author 4166, Hydrology in Practice